[Event "Sentjur Ipavec Memorial 13th"]
[Site "Sentjur"]
[Date "2013.09.17"]
[Round "8"]
[White "Lesjak, Milan"]
[Black "Titan, Matej"]
[Result "1/2-1/2"]
[WhiteElo "2104"]
[BlackElo "2146"]
[PlyCount "172"]
[EventDate "2013.09.11"]
[EventType "swiss"]
[EventRounds "9"]
[EventCountry "SLO"]
[SourceTitle "EXT 2015"]
[Source "ChessBase"]
[SourceDate "2014.11.20"]
[SourceVersion "1"]
[SourceVersionDate "2014.11.20"]
[SourceQuality "1"]

1. d4 Nf6 2. Nf3 e6 3. g3 d5 4. Bg2 b5 5. 0-0 Bb7 6. Nbd2 Nbd7 7. e4 Nxe4 8. Nxe4 dxe4 9. Ng5 Nf6 10. Qe2 Qd5 11. Re1 Bd6 12. a4 a6 13. axb5 axb5 14. Rxa8+ Bxa8 15. Nxe4 Nxe4 16. Bxe4 Qxe4 17. Qxe4 Bxe4 18. Rxe4 Kd7 19. Kf1 f5 20. Re1 Ra8 21. Ke2 Ra2 22. Kd3 c6 23. b3 Ra1 24. Bd2 Rxe1 25. Bxe1 g5 26. Bd2 g4 27. c4 h5 28. Ke3 Ke7 29. f4 bxc4 30. bxc4 Kd7 31. c5 Be7 32. Kd3 Kc7 33. Kc4 Kb7 34. Kb4 h4 35. Be1 h3 36. Bd2 Bf6 37. Bc3 Ka6 38. Ka4 Bd8 39. Bd2 Bc7 40. Be1 Bd8 41. Bd2 Be7 42. Kb4 Bf6 43. Bc3 Bd8 44. Ka4 Bc7 45. Bd2 Kb7 46. Kb3 Kc8 47. Kc4 Kb7 48. Kb3 Bd8 49. Be1 Bf6 50. Bc3 Bg7 51. Kb4 Ka6 52. Ka4 Bf6 53. Kb4 Bg7 54. Ka4 Bh6 55. Bd2 Bf8 56. Kb4 Be7 57. Bc3 Kb7 58. Kb3 Kc7 59. Kc4 Kd7 60. Be1 Bd8 61. Bd2 Bc7 62. Kb3 Kc8 63. Kc4 Kb8 64. Kb4 Ka8 65. Kb3 Kb7 66. Kb4 Bd8 67. Be1 Bf6 68. Bc3 Ka6 69. Ka4 Be7 70. Kb4 Bd8 71. Ka4 Bc7 72. Bd2 Bd8 73. Be1 Bc7 74. Bd2 Bd8 75. Be1 Bc7 76. Bd2 Bd8 77. Be1 Bc7 78. Bd2 Bd8 79. Be1 Bc7 80. Bd2 Bd8 81. Be1 Bc7 82. Bd2 Bd8 83. Be1 Bc7 84. Bd2 Bd8 85. Be1 Bc7 86. Bd2 Bd8 1/2-1/2

[Event "SLO-chT2 East"]
[Site "Brezice Maribor"]
[Date "2012.11.03"]
[Round "8"]
[White "Brdnik, Roman"]
[Black "Lesjak, Milan"]
[Result "1/2-1/2"]
[WhiteElo "1893"]
[BlackElo "2131"]
[PlyCount "54"]
[EventDate "2012.09.08"]
[EventType "team-tourn"]
[EventRounds "9"]
[EventCountry "SLO"]
[SourceTitle "EXT 2022"]
[Source "ChessBase"]
[SourceDate "2021.10.06"]
[SourceVersion "1"]
[SourceVersionDate "2021.10.06"]
[SourceQuality "1"]

1. d4 d5 2. c4 e6 3. Nc3 Nf6 4. Nf3 Be7 5. Bg5 Nbd7 6. e3 h6 7. Bh4 0-0 8. h3 Ne4 9. Bxe7 Qxe7 10. Nxe4 dxe4 11. Nd2 f5 12. Qc2 e5 13. 0-0-0 exd4 14. exd4 Nf6 15. Be2 Bd7 16. f4 c5 17. d5 Qd6 18. g3 Rab8 19. Nf1 a6 20. Ne3 b5 21. b3 Ra8 22. Qb2 Rfe8 23. Rhf1 h5 24. Qc3 b4 25. Qb2 a5 26. Kd2 a4 27. Ra1 Qb8 1/2-1/2

[Event "Sentjur Ipavec Memorial 13th"]
[Site "Sentjur"]
[Date "2012.09.24"]
[Round "8"]
[White "Lesjak, Milan"]
[Black "Bratkovic, Jakob"]
[Result "1-0"]
[WhiteElo "2131"]
[BlackElo "1932"]
[PlyCount "61"]
[EventDate "2012.09.19"]
[EventType "swiss"]
[EventRounds "9"]
[EventCountry "SLO"]
[SourceTitle "EXT 2015"]
[Source "ChessBase"]
[SourceDate "2014.11.20"]
[SourceVersion "1"]
[SourceVersionDate "2014.11.20"]
[SourceQuality "1"]

1. Nf3 Nf6 2. d4 e6 3. e3 b6 4. Bd3 Bb7 5. Nbd2 d5 6. Ne5 Bd6 7. f4 c5 8. c3 0-0 9. Qf3 Nfd7 10. Qh5 f5 11. Ndf3 Bxe5 12. fxe5 h6 13. Bd2 Nc6 14. g4 cxd4 15. exd4 fxg4 16. Qxg4 Qe8 17. Bxh6 Rf7 18. Bg6 gxh6 19. Bxf7+ Kxf7 20. Qh5+ Ke7 21. Qh4+ Kf7 22. Qxh6 Qf8 23. Ng5+ Ke7 24. Qh7+ Ke8 25. Qg6+ Ke7 26. Rf1 Qe8 27. Qxe6+ Kd8 28. Nf7+ Kc7 29. Qd6+ Kc8 30. Qxd5 Qe7 31. 0-0-0 1-0

[Event "Sentjur Ipavec Memorial 13th"]
[Site "Sentjur"]
[Date "2012.09.22"]
[Round "4"]
[White "Lesjak, Milan"]
[Black "Skuhala, Luka"]
[Result "0-1"]
[WhiteElo "2131"]
[BlackElo "1815"]
[PlyCount "94"]
[EventDate "2012.09.19"]
[EventType "swiss"]
[EventRounds "9"]
[EventCountry "SLO"]
[SourceTitle "EXT 2015"]
[Source "ChessBase"]
[SourceDate "2014.11.20"]
[SourceVersion "1"]
[SourceVersionDate "2014.11.20"]
[SourceQuality "1"]

1. Nf3 Nf6 2. d4 e6 3. c4 d5 4. Nc3 Be7 5. Bg5 0-0 6. e3 h6 7. Bh4 Ne4 8. Bxe7 Qxe7 9. Nxe4 dxe4 10. Nd2 f5 11. Be2 e5 12. Qc2 exd4 13. exd4 Nc6 14. Qc3 Qf6 15. Nb3 f4 16. 0-0-0 a5 17. d5 Qxc3+ 18. bxc3 Ne5 19. Nc5 Bf5 20. Rd4 f3 21. gxf3 exf3 22. Bd3 Bxd3 23. Nxd3 Nxd3+ 24. Rxd3 Rae8 25. c5 Re2 26. Rd2 Re5 27. Kc2 Rfe8 28. c4 g5 29. Rb1 Rb8 30. Kc3 Kf7 31. Rdb2 Re7 32. Rxb7 Rc8 33. c6 Kf6 34. Kd4 a4 35. Rb8 Rxb8 36. Rxb8 Re2 37. Rf8+ Ke7 38. Rxf3 Rxa2 39. c5 Rd2+ 40. Kc4 g4 41. Re3+ Kd8 42. Re6 a3 43. Rxh6 a2 44. Rh8+ Ke7 45. Ra8 Rxf2 46. d6+ cxd6 47. Kb3 dxc5 0-1

[Event "Sentjur Ipavec Memorial 13th"]
[Site "Sentjur"]
[Date "2012.09.21"]
[Round "3"]
[White "Cretnik, Urban"]
[Black "Lesjak, Milan"]
[Result "0-1"]
[WhiteElo "1796"]
[BlackElo "2131"]
[PlyCount "95"]
[EventDate "2012.09.19"]
[EventType "swiss"]
[EventRounds "9"]
[EventCountry "SLO"]
[SourceTitle "EXT 2015"]
[Source "ChessBase"]
[SourceDate "2014.11.20"]
[SourceVersion "1"]
[SourceVersionDate "2014.11.20"]
[SourceQuality "1"]

1. e4 c6 2. d4 d5 3. Nc3 dxe4 4. Nxe4 Bf5 5. Ng3 Bg6 6. h4 h6 7. Nf3 Nd7 8. h5 Bh7 9. Bd3 Bxd3 10. Qxd3 e6 11. Bf4 Qa5+ 12. Bd2 Qc7 13. 0-0-0 Ngf6 14. Ne4 0-0-0 15. g3 Nc5 16. Nxc5 Bxc5 17. c4 Bxd4 18. Nxd4 c5 19. Nb5 Rxd3 20. Nxc7 a6 21. Na8 Rhd8 22. Ba5 Rxd1+ 23. Rxd1 Rxd1+ 24. Kxd1 Kd7 25. Nb6+ Kc6 26. Na4 b5 27. Nc3 Nxh5 28. cxb5+ axb5 29. Bd8 Kd7 30. Bb6 Kc6 31. Ba7 Nf6 32. Bb8 b4 33. Ne2 g5 34. f3 Nd7 35. Ba7 Kb7 36. Bxc5 Nxc5 37. a3 Nd3 38. axb4 Nxb4 39. Kd2 Kc6 40. Kc3 Kc5 41. g4 Nc6 42. Nc1 Ne7 43. Nd3+ Kd6 44. Kd4 f6 45. b4 Nd5 46. Kc4 f5 47. Kd4 Nf4 48. b5 0-1

[Event "Sentjur Ipavec Memorial 13th"]
[Site "Sentjur"]
[Date "2012.09.20"]
[Round "2"]
[White "Lesjak, Milan"]
[Black "Mackovsek, Zeljko"]
[Result "1/2-1/2"]
[WhiteElo "2131"]
[BlackElo "1777"]
[PlyCount "78"]
[EventDate "2012.09.19"]
[EventType "swiss"]
[EventRounds "9"]
[EventCountry "SLO"]
[SourceTitle "EXT 2015"]
[Source "ChessBase"]
[SourceDate "2014.11.20"]
[SourceVersion "1"]
[SourceVersionDate "2014.11.20"]
[SourceQuality "1"]

1. Nf3 Nf6 2. d4 d5 3. c4 e6 4. Nc3 Nbd7 5. Bg5 Be7 6. e3 0-0 7. Rc1 c6 8. Bd3 h6 9. Bh4 dxc4 10. Bxc4 Nd5 11. Bxe7 Qxe7 12. 0-0 N5b6 13. Bb3 e5 14. d5 cxd5 15. Nxd5 Nxd5 16. Qxd5 e4 17. Nd4 Nb6 18. Qh5 a5 19. a3 Ra6 20. Rc3 Na8 21. Rfc1 Bd7 22. Rc5 a4 23. Ba2 Rb6 24. R1c2 Qf6 25. g3 Kh7 26. Qd5 Qe7 27. Qh5 g6 28. Qe5 Re8 29. Qxe7 Rxe7 30. b4 axb3 31. Bxb3 Ra6 32. Ra2 Bc6 33. a4 Nb6 34. Nxc6 Rc7 35. a5 Nd7 36. Rc4 Rcxc6 37. Rxc6 Rxc6 38. Kg2 f5 39. Ba4 Rc7 1/2-1/2

[Event "SLO-ch qual"]
[Site "Sentjur"]
[Date "2008.07.06"]
[Round "6"]
[White "Lesjak, Milan"]
[Black "Vombek, Sara"]
[Result "1-0"]
[WhiteElo "2139"]
[BlackElo "1888"]
[PlyCount "89"]
[EventDate "2008.07.03"]
[EventType "swiss"]
[EventRounds "9"]
[EventCountry "SLO"]
[SourceTitle "EXT 2010"]
[Source "ChessBase"]
[SourceDate "2010.11.25"]
[SourceVersion "1"]
[SourceVersionDate "2010.11.25"]
[SourceQuality "1"]

1. d4 Nf6 2. Nf3 g6 3. g3 Bg7 4. Bg2 0-0 5. c4 d6 6. Nc3 c5 7. 0-0 Nc6 8. d5 Na5 9. Qd3 e5 10. e4 Ng4 11. h3 Nh6 12. Bg5 f6 13. Bd2 Nf7 14. Nh4 Bd7 15. Rae1 a6 16. Kh2 b5 17. b3 b4 18. Nd1 Nb7 19. Ne3 a5 20. f4 exf4 21. gxf4 f5 22. Nf3 Bh6 23. exf5 Bxf4+ 24. Kh1 Bxe3 25. fxg6 Bxd2 26. gxf7+ Rxf7 27. Qxd2 Rg7 28. Kh2 a4 29. Rg1 axb3 30. axb3 Qf6 31. Bh1 Bf5 32. Rxg7+ Kxg7 33. Ng5 Nd8 34. Ne6+ Kh8 35. Qf2 Nf7 36. Bg2 Qg6 37. Rf1 Nh6 38. Qb2+ Kg8 39. Rf3 Bxe6 40. dxe6 Nf5 41. Rxf5 Qxf5 42. Bxa8 Qf4+ 43. Kg1 Qe3+ 44. Qf2 Qc1+ 45. Kh2 1-0

[Event "SLO-ch qual"]
[Site "Sentjur"]
[Date "2008.07.05"]
[Round "5"]
[White "Debevec, Blaz"]
[Black "Lesjak, Milan"]
[Result "1/2-1/2"]
[WhiteElo "1959"]
[BlackElo "2139"]
[PlyCount "109"]
[EventDate "2008.07.03"]
[EventType "swiss"]
[EventRounds "9"]
[EventCountry "SLO"]
[SourceTitle "EXT 2010"]
[Source "ChessBase"]
[SourceDate "2010.11.25"]
[SourceVersion "1"]
[SourceVersionDate "2010.11.25"]
[SourceQuality "1"]

1. e4 c6 2. d4 d5 3. Nc3 dxe4 4. Nxe4 Bf5 5. Ng3 Bg6 6. h4 h6 7. Nf3 Nd7 8. h5 Bh7 9. Bd3 Bxd3 10. Qxd3 e6 11. Bd2 Ngf6 12. 0-0-0 Qc7 13. Ne4 Nxe4 14. Qxe4 Nf6 15. Qe2 0-0-0 16. g3 Bd6 17. c4 c5 18. Bc3 cxd4 19. Nxd4 a6 20. Kb1 Bc5 21. Nb3 Rxd1+ 22. Rxd1 Rd8 23. Rxd8+ Kxd8 24. Qd2+ Ke8 25. Nxc5 Qxc5 26. Bxf6 Qf5+ 27. Qc2 Qxf6 28. Qa4+ Kd8 29. Qa5+ Kc8 30. Qc5+ Kd7 31. f4 g6 32. hxg6 Qxg6+ 33. Kc1 Qxg3 34. Qd4+ Ke7 35. Qc5+ Kd7 36. Qd4+ Ke8 37. Qh8+ Ke7 38. Qxh6 Qe3+ 39. Kc2 Qd4 40. Qg5+ Kd7 41. b3 Qf2+ 42. Kb1 Qe1+ 43. Kb2 Qd2+ 44. Kb1 Qe3 45. Qf6 Qg1+ 46. Kb2 Qf2+ 47. Kb1 Qg1+ 48. Kb2 Qg6 49. Qd4+ Kc8 50. Qd6 Qg2+ 51. Ka3 Qc6 52. Qxc6+ bxc6 53. Kb4 Kd7 54. Kc5 f6 55. b4 1/2-1/2

[Event "Sentjur Ipavec Memorial 8th"]
[Site "Sentjur"]
[Date "2007.12.08"]
[Round "3"]
[White "Lesjak, Milan"]
[Black "Gazvoda, Franc"]
[Result "1/2-1/2"]
[WhiteElo "2150"]
[BlackElo "2095"]
[PlyCount "51"]
[EventDate "2007.12.08"]
[EventType "swiss"]
[EventRounds "9"]
[EventCountry "SLO"]
[SourceTitle "EXT 2010"]
[Source "ChessBase"]
[SourceDate "2010.11.25"]
[SourceVersion "1"]
[SourceVersionDate "2010.11.25"]
[SourceQuality "1"]

1. Nf3 d5 2. b3 Nf6 3. Bb2 Bg4 4. e3 Nbd7 5. Be2 e6 6. h3 Bh5 7. d3 Bxf3 8. Bxf3 Bb4+ 9. c3 Bd6 10. Nd2 0-0 11. Qc2 c6 12. c4 Qe7 13. g4 Rfd8 14. g5 Ne8 15. Rg1 Bb4 16. 0-0-0 Ba3 17. Nb1 Bxb2+ 18. Kxb2 b5 19. h4 a5 20. cxd5 cxd5 21. a3 Rac8 22. Qd2 b4 23. a4 Rc7 24. Rc1 Rdc8 25. Rxc7 Rxc7 26. Rc1 1/2-1/2

[Event "Sentjur Ipavec Memorial 8th"]
[Site "Sentjur"]
[Date "2007.12.08"]
[Round "2"]
[White "Spelec, Darko"]
[Black "Lesjak, Milan"]
[Result "0-1"]
[WhiteElo "2019"]
[BlackElo "2150"]
[PlyCount "76"]
[EventDate "2007.12.08"]
[EventType "swiss"]
[EventRounds "9"]
[EventCountry "SLO"]
[SourceTitle "EXT 2010"]
[Source "ChessBase"]
[SourceDate "2010.11.25"]
[SourceVersion "1"]
[SourceVersionDate "2010.11.25"]
[SourceQuality "1"]

1. Nf3 Nf6 2. c4 c6 3. g3 d5 4. Qc2 g6 5. b3 Bg7 6. Bb2 0-0 7. Bg2 Bf5 8. d3 Qd7 9. h3 Na6 10. g4 Be6 11. Bc3 Qd6 12. Bd4 Qb4+ 13. Bc3 Qb6 14. Nbd2 Nb4 15. Qb2 Rfd8 16. 0-0 a5 17. a3 Na6 18. Ng5 d4 19. Bxa5 Qxa5 20. Nxe6 fxe6 21. b4 Qe5 22. Nf3 Qf4 23. Qb3 Nc7 24. a4 e5 25. g5 e4 26. Nxd4 Qxg5 27. c5+ Kh8 28. Nc2 exd3 29. exd3 Nfd5 30. d4 Nf4 31. Qf3 Ncd5 32. Kh1 Nxg2 33. Qxg2 Qd2 34. Rac1 Nf4 35. Qg4 Rf8 36. Qd7 Qd3 37. f3 Qe2 38. Qg4 Nd3 0-1

[Event "SLO-ch"]
[Site "Grize"]
[Date "2001.10.09"]
[Round "9"]
[White "Vombek, Danijel"]
[Black "Lesjak, Milan"]
[Result "1-0"]
[WhiteElo "2309"]
[BlackElo "2196"]
[PlyCount "73"]
[EventDate "2001.10.01"]
[EventType "swiss"]
[EventRounds "9"]
[EventCountry "SLO"]
[SourceTitle "CBM 084 Extra"]
[Source "ChessBase"]
[SourceDate "2001.10.26"]
[SourceVersion "1"]
[SourceVersionDate "2001.10.26"]
[SourceQuality "1"]

1. b3 b6 2. Bb2 Bb7 3. e3 Nf6 4. f4 e6 5. Nf3 c5 6. Be2 Nc6 7. 0-0 Qc7 8. c4 Be7 9. Nc3 0-0 10. Rc1 Rad8 11. Qe1 a6 12. Qg3 d5 13. d3 d4 14. Ne4 Nxe4 15. dxe4 f6 16. exd4 Nxd4 17. Bxd4 cxd4 18. Bd3 f5 19. exf5 exf5 20. Rce1 Rd6 21. Ne5 Rh6 22. Qf2 Bd6 23. Qc2 Bc8 24. Rf2 Qd8 25. c5 Bxc5 26. Bc4+ Be6 27. Bxe6+ Rxe6 28. Qc4 Qd6 29. Nd3 Rfe8 30. Rfe2 b5 31. Qxe6+ Rxe6 32. Rxe6 Qc7 33. Rc1 g5 34. Rxc5 Qa5 35. Re7 Qd8 36. Rcc7 Qd6 37. Rc8+ 1-0

[Event "SLO-ch"]
[Site "Grize"]
[Date "2001.10.08"]
[Round "8"]
[White "Sakelsek, Tadej"]
[Black "Lesjak, Milan"]
[Result "1-0"]
[WhiteElo "2202"]
[BlackElo "2196"]
[PlyCount "57"]
[EventDate "2001.10.01"]
[EventType "swiss"]
[EventRounds "9"]
[EventCountry "SLO"]
[SourceTitle "CBM 084 Extra"]
[Source "ChessBase"]
[SourceDate "2001.10.26"]
[SourceVersion "1"]
[SourceVersionDate "2001.10.26"]
[SourceQuality "1"]

1. e4 c6 2. d4 d5 3. e5 Bf5 4. Nc3 e6 5. g4 Bg6 6. Nge2 c5 7. h4 cxd4 8. Nxd4 h5 9. Bb5+ Nd7 10. f4 hxg4 11. f5 Rxh4 12. Rf1 exf5 13. Qe2 Bb4 14. e6 fxe6 15. Nxe6 Bxc3+ 16. bxc3 Qf6 17. Rb1 Qxc3+ 18. Kd1 Ngf6 19. Bg5 Kf7 20. Bxh4 Re8 21. Bxf6 gxf6 22. Bxd7 Rh8 23. Nf4 g3 24. Nxg6 Rh2 25. Qe8+ Kg7 26. Qf8+ Kxg6 27. Bxf5+ Kg5 28. Qg7+ Kh5 29. Qg6+ 1-0

[Event "Ljubljana op 12th"]
[Site "Ljubljana"]
[Date "2001.06.25"]
[Round "3"]
[White "Lesjak, Milan"]
[Black "Kukovec, Borut"]
[Result "0-1"]
[WhiteElo "2196"]
[BlackElo "2079"]
[PlyCount "78"]
[EventDate "2001.06.23"]
[EventType "swiss"]
[EventRounds "9"]
[EventCountry "SLO"]
[SourceTitle "EXT 2002"]
[Source "ChessBase"]
[SourceDate "2001.11.25"]
[SourceVersion "1"]
[SourceVersionDate "2001.11.25"]
[SourceQuality "1"]

1. d4 Nf6 2. Nf3 g6 3. Bg5 Bg7 4. e3 d5 5. Nbd2 c5 6. c3 Qb6 7. Qb3 c4 8. Qc2 Bf5 9. Qc1 Nbd7 10. h3 h6 11. Bf4 g5 12. Bh2 Qc6 13. Ne5 Nxe5 14. Bxe5 0-0 15. Be2 Nd7 16. Bxg7 Kxg7 17. g4 Bg6 18. h4 e5 19. hxg5 hxg5 20. dxe5 Nxe5 21. Rg1 f5 22. Nf3 Nxf3+ 23. Bxf3 f4 24. Be2 fxe3 25. Qxe3 Rae8 26. Qd4+ Rf6 27. Rg3 Re4 28. Qd2 Rfe6 29. Re3 d4 30. cxd4 Rxe3 31. fxe3 Qh1+ 32. Bf1 Qf3 33. e4 Rxe4+ 34. Be2 Qh1+ 35. Kf2 Qxa1 36. Bf3 Rf4 37. Qb4 Qc1 38. Qxb7+ Rf7 39. Qb5 Qf4 0-1

[Event "Ljubljana op 12th"]
[Site "Ljubljana"]
[Date "2001.06.24"]
[Round "2"]
[White "Ursic, Mateja"]
[Black "Lesjak, Milan"]
[Result "1/2-1/2"]
[WhiteElo "2060"]
[BlackElo "2196"]
[PlyCount "58"]
[EventDate "2001.06.23"]
[EventType "swiss"]
[EventRounds "9"]
[EventCountry "SLO"]
[SourceTitle "EXT 2002"]
[Source "ChessBase"]
[SourceDate "2001.11.25"]
[SourceVersion "1"]
[SourceVersionDate "2001.11.25"]
[SourceQuality "1"]

1. e4 c6 2. d4 d5 3. Nc3 dxe4 4. Nxe4 Bf5 5. Ng3 Bg6 6. Nf3 Nd7 7. h4 h6 8. h5 Bh7 9. Bd3 Bxd3 10. Qxd3 Qc7 11. Bd2 e6 12. c4 Ngf6 13. 0-0-0 0-0-0 14. Bc3 Bd6 15. Ne4 Nxe4 16. Qxe4 Nf6 17. Qe2 Rhe8 18. Ne5 c5 19. Kb1 a6 20. Ng4 Nxg4 21. Qxg4 cxd4 22. Bxd4 Be5 23. Bxe5 Qxe5 24. Rhe1 Rxd1+ 25. Rxd1 Rd8 26. Rxd8+ Kxd8 27. Qf3 Kc8 28. Kc2 f5 29. Qe3 Qd6 1/2-1/2

[Event "SLO-chT"]
[Site "Slovenia"]
[Date "1993.??.??"]
[Round "?"]
[White "Rebernik, Bostjan"]
[Black "Lesjak, Milan"]
[Result "1/2-1/2"]
[WhiteElo "2125"]
[BlackElo "2145"]
[PlyCount "83"]
[EventDate "1993.??.??"]
[EventType "team"]
[EventRounds "7"]
[EventCountry "SLO"]
[SourceTitle "TD"]
[Source "ChessBase"]
[SourceDate "1994.03.01"]
[SourceVersion "1"]
[SourceVersionDate "1994.03.01"]
[SourceQuality "1"]

1. e4 c6 2. d4 d5 3. Nc3 dxe4 4. Nxe4 Bf5 5. Ng3 Bg6 6. Nh3 Nf6 7. Nf4 Nd5 8. h4 Nxf4 9. Bxf4 h6 10. h5 Bh7 11. Qd2 e6 12. 0-0-0 Nd7 13. Bd3 Bxd3 14. Qxd3 Nf6 15. Rhe1 Qa5 16. Qb3 0-0-0 17. Re5 Qb4 18. Qxb4 Bxb4 19. Re2 Rd7 20. c3 Be7 21. Rh1 Nd5 22. Bd2 c5 23. dxc5 Bxc5 24. Rh4 Rhd8 25. Ne4 Be7 26. Rh3 Nf6 27. Nxf6 Bxf6 28. Kc2 Rd5 29. g4 e5 30. Be3 b6 31. Rd2 Kc7 32. Rf3 Rxd2+ 33. Bxd2 Rd6 34. Rg3 Bh4 35. Rf3 f6 36. Be3 Rd8 37. Rh3 Bg5 38. Bxg5 fxg5 39. Rf3 Rd7 40. Rf5 Kd6 41. Kd3 Ke6+ 42. Ke2 1/2-1/2